000 00767nam a2200265 i 4500
001 17251
003 ES-MaACL
005 20240507102622.0
007 t|
008 010124s1999 sp ||||0| spa j
020 _a84-8310-112-2
040 _aM-BN
_bspa
_cM-BN
080 _a821.111-31"19"
100 1 _aKempadoo, Oonya.
_967809
245 1 3 _aEl árbol de los sentidos /
_cOonya Kempadoo ; traducción de Victor Pozanco.
250 _a1ª ed.
260 _aBarcelona :
_bTusquets,
_c1999.
300 _a221 p. ;
_c21 cm.
490 1 _aColección Andanzas ;
_v386
700 0 _aPozanco, Víctor,
_d1940-
_993527
830 0 0 _aColección Andanzas
_v386
_9234359
852 _aES-MaACL
_jL-24137
_bR.129469
999 _c17251
_d17251